Le règne de Robespierre / (Record no. 141966)

MARC details
000 -LEADER
campo de control de longitud fija 00708nam a2200205 i 4500
001 - NÚMERO DE CONTROL
campo de control 141966
003 - IDENTIFICADOR DE NÚMERO DE CONTROL
campo de control ES-MaACL
005 - FECHA Y HORA DE LA ÚLTIMA TRANSACCIÓN
campo de control 20231103062534.0
007 - CAMPO FIJO DE DESCRIPCIÓN FÍSICA--INFORMACIÓN GENERAL
campo de control de longitud fija t|
008 - DATOS DE LONGITUD FIJA--INFORMACIÓN GENERAL
campo de control de longitud fija 071001q1909 fr ||||1| fre d
100 1# - ENTRADA PRINCIPAL--NOMBRE DE PERSONA
Nombre de persona Williams, Helen Maria.
9 (RLIN) 116928
245 13 - MENCIÓN DEL TÍTULO
Título Le règne de Robespierre /
Mención de responsabilidad, etc. par Maria-Hélène Williams ; traduit pour la première fois de l'anglais par F. Funch Brentano.
260 ## - PUBLICACIÓN, DISTRIBUCIÓN, ETC.
Lugar de publicación, distribución, etc. Paris :
Nombre del editor, distribuidor, etc. Arthème Fayard,
Fecha de publicación, distribución, etc. [1909?]
300 ## - DESCRIPCIÓN FÍSICA
Extensión 155 p. ;
Dimensiones 24 cm.
600 14 - PUNTO DE ACCESO ADICIONAL DE MATERIA--NOMBRE DE PERSONA
Nombre de persona Robespierre, Maximilien.
9 (RLIN) 97862
651 #4 - PUNTO DE ACCESO ADICIONAL DE MATERIA--NOMBRE GEOGRÁFICO
Nombre geográfico Francia-
Subdivisión general Historia-
Subdivisión cronológica 1789-1799, Revolución
9 (RLIN) 8685
700 1# - ENTRADA AGREGADA--NOMBRE PERSONAL
Nombre de persona Funck-Brentano, Frantz (
Fechas asociadas al nombre 1862-1947)
9 (RLIN) 53022
852 ## - LOCALIZACIÓN
Ubicación ES-MaACL
Número de control de estantería C-1116
Holdings
Estatus retirado Estado de pérdida Estado de daño No para préstamo Biblioteca de origen Biblioteca actual Ubicación en estantería Fecha de adquisición Fuente de adquisición Total de préstamos Signatura topográfica completa Código de barras Visto por última vez Precio de reemplazo Tipo de ítem Koha
        Biblioteca del Ateneo de Madrid Biblioteca del Ateneo de Madrid Sala Palomar 17/01/2008     C-1116 1147717 23/02/2023 23/02/2023 Libro impreso